000 00735nam a2200241Ia 4500
003 OSt
005 20220927105618.0
006 a|||||r|||| 00| 0
007 ta
008 220926b |||||||| |||| 00| 0 eng d
024 _a194322
037 _cReference Collections
040 _aRTL
_cRTL
_beng
041 _2eng
_aeng
082 _a"V1N45,93:3(W:5)t, P5"
100 _aUnited Nations
245 0 _aCommission of Human Rights
_b" Report on the Sixty first session(14 march-22 april, 2005)"
260 _aNew
_bYork United Nations
_c2005
300 _a"xxiii, 523 p"
_ccm.
500 _aAnn. p 524-558
942 _h"V1N45,93:3(W:5)t, P5"
_cCC
999 _c693400
_d693400